Así muere la carne / (Record no. 37371)
[ view plain ]
| 000 -LEADER | |
|---|---|
| campo de control de longitud fija | 00653nam a2200205 i 4500 |
| 001 - NÚMERO DE CONTROL | |
| campo de control | 37371 |
| 003 - IDENTIFICADOR DE NÚMERO DE CONTROL | |
| campo de control | ES-MaACL |
| 005 - FECHA Y HORA DE LA ÚLTIMA TRANSACCIÓN | |
| campo de control | 20250907063038.0 |
| 007 - CAMPO FIJO DE DESCRIPCIÓN FÍSICA--INFORMACIÓN GENERAL | |
| campo de control de longitud fija | t| |
| 008 - DATOS DE LONGITUD FIJA--INFORMACIÓN GENERAL | |
| campo de control de longitud fija | 030220q1952 sp ||||1| spa d |
| 100 1# - ENTRADA PRINCIPAL--NOMBRE DE PERSONA | |
| Nombre de persona | Butler, Samuel, |
| Fechas asociadas al nombre | 1835-1902 |
| 9 (RLIN) | 156028 |
| 245 10 - MENCIÓN DEL TÍTULO | |
| Título | Así muere la carne / |
| Mención de responsabilidad, etc. | Samuel Butler ; [traducción del inglés por Rafael Ballester]. |
| 260 ## - PUBLICACIÓN, DISTRIBUCIÓN, ETC. | |
| Lugar de publicación, distribución, etc. | Barcelona : |
| Nombre del editor, distribuidor, etc. | Mateu, |
| Fecha de publicación, distribución, etc. | [1952?] ( |
| Fabricante | Sob. de López Robert) |
| 300 ## - DESCRIPCIÓN FÍSICA | |
| Extensión | 352 p. ; |
| Dimensiones | 22 cm. |
| 490 1# - MENCIÓN DE SERIE | |
| Mención de serie | La hoja perenne |
| 700 1# - ENTRADA AGREGADA--NOMBRE PERSONAL | |
| Nombre de persona | Ballester, Rafael. |
| 9 (RLIN) | 25006 |
| 830 0# - PUNTO DE ACCESO ADICIONAL DE SERIE-TÍTULO UNIFORME | |
| Título uniforme | La hoja perenne |
| 9 (RLIN) | 181731 |
| 852 ## - LOCALIZACIÓN | |
| Ubicación | ES-MaACL |
| Número de control de estantería | D-8213 |
| Sublocalización o colección | R.32643 |
| Estatus retirado | Estado de pérdida | Estado de daño | No para préstamo | Biblioteca de origen | Biblioteca actual | Ubicación en estantería | Fecha de adquisición | Fuente de adquisición | Total de préstamos | Signatura topográfica completa | Código de barras | Visto por última vez | Precio de reemplazo | Tipo de ítem Koha |
|---|---|---|---|---|---|---|---|---|---|---|---|---|---|---|
| Biblioteca del Ateneo de Madrid | Biblioteca del Ateneo de Madrid | Sala Valle Inclán | 17/01/2008 | D-8213 | 901039330 | 23/02/2023 | 23/02/2023 | Libro impreso |
